00577nam a2200241Ia 450000500170000000800460001702000180006303700100008104000080009104000080009904000080010704100080011504100080012308400080013110000170013924500430015624500380019926000230023726000090026036500050026936500080027485600530028220260324124947.0008 260324s9999 xx 000 0 eng d a9780203644232 aEBOOK aCRL beng cCRL 2eng aeng qCRL aCynthia Chou 4aThe Orang Suku Laut of Riau, Indonesia 4bThe inalienable gift of territory bTaylor and Francis c2009 a b265 uhttp://www.taylorfrancis.com/books/9780203644232